000 00619nam a2200181Ia 4500
003 GCL
008 140319s9999 xx 000 0 ara d
040 _aGCL /
_cGCL
082 0 4 _a001.6
_bم ن
100 1 _aمحمد محمد الهادى
245 1 0 _aنظم المعلومات فى المنظمات المعاصرة /
_cمحمد محمد الهادى
260 _aالقاهرة :
_bدار الشروق ،
_c1989
300 _a442 ص ؛
_c24سم
650 0 4 _aنظم المعلومات
650 0 4 _aاختزان واسترجاع المعلومات
650 0 4 _aالمعلومات، علم
942 _2ddc
_cBK
999 _c38653
_d38653